000 00565nam a2200157Ia 4500
008 230907s9999||||xx |||||||||||||| ||und||
082 _a621.3
_bNAY
100 _aNayyera Farooq (00000206292)
_9116514
245 0 _aOptimizing temperature & C/N ratios of newspaper and green vegetable waste for methane yield through manual optimization and response surface methodology /
260 _aUSPCAS-E, NUST,
_bIslamabad :
_c2020
300 _a123 p.
520 _aTH-213
650 _aMS-ESE Thesis MS Thesis
700 _aDr. Rabia Liaquat
_928881
942 _cTHE
_2ddc
999 _c601892
_d601892